Integrated Chinese Level 4 生活与健康 (Lesson 14) Vocab - Statistics

General Stats
  • This quiz has been taken 33 times
  • The average score is 18 of 35
Answer Stats
Hint Answer % Correct
science, scientific 科学
100%
museum 博物馆
86%
to take a walk 散步
86%
tree
86%
to lose weight 减肥
86%
panda 熊猫
86%
to retire 退休
71%
to exercise 锻炼
71%
to go out, to leave the house 出门
71%
movement, action 动作
71%
fitness center, gym 健身房
71%
measure word for certainpaired things and some animals
71%
and, with
57%
need not, do not need to 不必
57%
public square 广场
57%
tai chi 太极拳
57%
morning 早晨
57%
to become 成为
57%
yoga 瑜伽
57%
and so forth, etc.
57%
full, satisfied
57%
husband and wife, couple 夫妻
43%
to equal 等于
43%
as long as 只要
43%
casual, careless 随便
43%
nutrition, nourishment 营养
43%
even if 即使
29%
must, have to 必须
29%
to stay up late or all night 熬夜
29%
sleep 睡眠
29%
aspect, respect 方面
14%
to smoke a cigarette 吸烟
14%
to supplement, to replenish 补充
14%
to attach importance to 重视
0%
a person's name 李文
0%
No matching quizzes found
Score Distribution
Percent of People with Each Score
Percentile by Number Answered
Your Score History
You have not taken this quiz